00217nam a2200085Ia 4500008004100000100001800041245003000059260003300089260000900122170620s9999 xx 000 0 und d aSharma- S. R. 0aTeaching and Child Growth bNew Delhi- Mohit Publication c2007